US Cities by Letter - P - Statistics

General Stats
  • This quiz has been taken 120 times
  • The average score is 9 of 12
Answer Stats
Population State Answer % Correct
5,441,567 PA Philadelphia
98%
1,849,898 OR Portland
98%
203,914 ME Portland
98%
3,629,114 AZ Phoenix
97%
1,733,853 PA Pittsburgh
97%
1,190,956 RI Providence
96%
266,921 IL Peoria
77%
482,819 UT Provo
76%
340,067 FL Pensacola
54%
376,047 FL Port St. Lucie
44%
452,791 FL Palm Bay
17%
349,064 FL Palm Coast
8%
No matching quizzes found
Score Distribution
Percent of People with Each Score
Percentile by Number Answered
Your Score History
You have not taken this quiz